| 000 | 01356nam0a22002891 4500 | ||
|---|---|---|---|
| 001 | rc\4211163 | ||
| 005 | 20260407213353.0 | ||
| 021 |
_aRU _b[52-10326] |
||
| 035 | _a(NLR Aleph) 008208836 | ||
| 090 |
_a8083621 _c8083621 |
||
| 100 | _a20130415d1952 |||y0rusy50 ca | ||
| 101 | 0 | _arus | |
| 102 | _aRU | ||
| 105 | _ay z ||||| | ||
| 200 | 1 |
_aОпыт Яготинского откормочного пункта по откорму крупного рогатого скота на жоме _fМ-во мясной и молочной пром-сти СССР. Отд. с.-х. пропаганды |
|
| 210 |
_aМосква _cБ. и. _d1952 |
||
| 215 |
_a6 с. _d20 |
||
| 300 | _aАвт. указан в конце текста: зоотехник В. Фарбовский | ||
| 606 |
_aЖом _xКормовое использование _2psbo |
||
| 606 |
_aКрупный рогатый скот _xОткорм и нагул _2psbo |
||
| 700 | 1 |
_aФарбовский _bВ.И. _gВасилий Исаакович |
|
| 712 | 0 | 1 |
_aСССР _bМинистерство мясной и молочной промышленности _bОтдел сельскохозяйственной пропаганды _3RU\NLR\AUTH\8810142853 _9780335 |
| 801 | 0 |
_aRU _bNLR _gpsbo |
|
| 801 | 1 |
_aRU _bELAR _2rusmarc |
|
| 852 |
_aNLR _jС90 Г-4/1463 |
||
| 942 | _cBOOK | ||
| 980 | _aNB | ||